000 00631nam a22002177a 4500
003 UA-OsUOA
001 44707
007 ta
008 20070306b un ||||| |||| 00| 0 ukr d
100 _aКопылов М.Н.
090 _a34
_bК-11
942 _cSA
040 _aUA-OsUOA
_brus
_cUA-OsUOA
_dUA-OsUOA
245 _aМеждународное экологическое право как отрасль современного международного права
300 _aЧС.54-64
955 _a0
041 _arus
080 _a34
773 0 _w44705
650 7 _a34 Право. Юриспруденція
_2UDC
999 _c330831
_d330831